000 00473nam a2200145 a 4500
008 120416s0000 ||||||||||||||||| || u
020 _a0863321593
050 _aPR 6053.O7.C6
100 _aCornwell, Judy
245 1 0 _aCow and cow parsley
260 _aLewes, Sussex
_bSeagull Books
_c1985
300 _aviii, 178p.
350 _a0.00
995 _D0.00
_FCBU-MAIN LIBRARY (Kitwe)
_H1
_I8.50
_M1
_UAVAILABLE
_ZFiction Collection
999 _c39097
_d39097